Botany: an introduction to plant biology
Gespeichert in:
| Hauptverfasser: | , , |
|---|---|
| Format: | Buch |
| Sprache: | Englisch |
| Veröffentlicht: |
Nueva York
John Wiley
1970
|
| Ausgabe: | 4a. ed |
| Schlagworte: | |
| Tags: |
Tag hinzufügen
Keine Tags, Fügen Sie den ersten Tag hinzu!
|
MARC
| LEADER | 00000nam a2200000 a 4500 | ||
|---|---|---|---|
| 001 | UCU2950 | ||
| 003 | CL-VaPUC | ||
| 008 | 960502e19700000US |||||||||||||||||eng|d | ||
| 082 | 0 | 4 | |a 581.1 |b WEI |2 21 |
| 100 | 0 | |a Weier, T. Elliot |e author |9 359558 | |
| 700 | 0 | |a Stocking, C. Ralph |e author |9 359559 | |
| 700 | 0 | |a Barbour, Michael G |e author |9 359560 | |
| 245 | 1 | 0 | |a Botany: an introduction to plant biology |
| 250 | |a 4a. ed | ||
| 300 | |a 708 p | ||
| 942 | |c BK | ||
| 945 | |d 19960502 00:00:00 |a rleighto | ||
| 260 | |a Nueva York |b John Wiley |c 1970 | ||
| 650 | 0 | |a Botánica |9 264202 | |
| 650 | 0 | |a Plantas |9 264555 | |
| 650 | 0 | |a Metabolismo vegetal |9 333115 | |
| 650 | 0 | |a Semillas |9 264396 | |
| 650 | 0 | |a Genética vegetal |9 264341 | |
| 650 | 0 | |a Fisiología vegetal |9 260158 | |
| 650 | 0 | |a Fotosíntesis |9 261610 | |
| 650 | 0 | |a Flores |9 310803 | |
| 650 | 0 | |a Ecología |9 258124 | |
| 583 | |a last modification |c 19960502 00:00:00 |k Rodrigo Vera | ||
| 999 | |c 247106 |d 247104 | ||
| 952 | |0 0 |1 0 |4 0 |6 581_100000000000000_WEI_1970 |7 0 |8 A |9 262715 |a BIBCUR |b BIBCUR |d 2019-11-19 |i 319695K |o 581.1 WEI 1970 |p 319695K |r 2025-04-22 |w 2019-11-19 |y BK |k BCB | ||